Memoria

Se describe el proceso de integración a nivel regional que ha experimentado la CCC-CA en donde el cooperativismo ha contribuido a interpretar las necesidades de los diversos países Centroamericanos. Con miras a una transformación se han replanteado estrategias para el fortalecimiento del cooperativi...

Volledige beschrijving

Bewaard in:
Bibliografische gegevens
Formaat: Texto
Gepubliceerd in: s.l: CCC-CA
Onderwerpen:
Tags: Voeg label toe
Geen labels, Wees de eerste die dit record labelt!

MARC

LEADER 00000 a a2200000 04500
001 22013
003
040
090 |a 146603  
245 |a Memoria  
260 |a s.l:   |b CCC-CA  
300 |a 124 p.  
520 |a Se describe el proceso de integración a nivel regional que ha experimentado la CCC-CA en donde el cooperativismo ha contribuido a interpretar las necesidades de los diversos países Centroamericanos. Con miras a una transformación se han replanteado estrategias para el fortalecimiento del cooperativismo, en donde la integración en diferentes planos (desde lo económico hasta lo intelectual) y el desarrollo de las aspiraciones de los diferentes países, constituyen una de las principales metas a alcanzar: el bienestar para la mayorías. Es decir que la misión principal del CCC-CA se traduce en representar a los movimientos cooperativos y para ello se ha replanteado nuevas estrategias para cubrir a cabalidad las diversas necesidades que pueden plantear los países. WMV  
650 |a MOVIMIENTOS COOPERATIVOS  
650 |a ESTRATEGIA DEL DESARROLLO  
650 |a SECTORES DE LA ECONOMIA  
999 |c 7492  |d 7492